Roghni putlay / (Record no. 329852)
[ view plain ]
| 000 -LEADER | |
|---|---|
| fixed length control field | nam a22 7a 4500 |
| 003 - CONTROL NUMBER IDENTIFIER | |
| control field | NUST |
| 005 - DATE AND TIME OF LATEST TRANSACTION | |
| control field | 20170622100500.0 |
| 008 - FIXED-LENGTH DATA ELEMENTS--GENERAL INFORMATION | |
| fixed length control field | 170524b xxu||||| |||| 00| 0 eng d |
| 020 ## - INTERNATIONAL STANDARD BOOK NUMBER | |
| International Standard Book Number | 978969503283 |
| 040 ## - CATALOGING SOURCE | |
| Transcribing agency | NUST |
| 041 ## - LANGUAGE CODE | |
| Language code of original | urdu |
| 082 ## - DEWEY DECIMAL CLASSIFICATION NUMBER | |
| Classification number | 891.4393 |
| Author Mark | MUF |
| 100 ## - MAIN ENTRY--PERSONAL NAME | |
| Personal name | Mufti, Mumtaz |
| 9 (RLIN) | 1012 |
| 245 ## - TITLE STATEMENT | |
| Title | Roghni putlay / |
| Statement of responsibility, etc. | by Mumtaz Mufti |
| 260 ## - PUBLICATION, DISTRIBUTION, ETC. | |
| Place of publication, distribution, etc. | Lahore: |
| Name of publisher, distributor, etc. | Al-Faisal nashran, |
| Date of publication, distribution, etc. | 2008 |
| 300 ## - PHYSICAL DESCRIPTION | |
| Extent | 244 p. |
| 500 ## - GENERAL NOTE | |
| General note | Fiction |
| 546 ## - LANGUAGE NOTE | |
| Language note | In Urdu |
| 648 ## - SUBJECT ADDED ENTRY--CHRONOLOGICAL TERM | |
| Chronological term | Urdu Literature |
| 9 (RLIN) | 1392 |
| 880 ## - ALTERNATE GRAPHIC REPRESENTATION | |
| Title | روغنی پتلے |
| Linkage | 245-02\(3\r |
| c | ممتاز مفتی |
| 880 ## - ALTERNATE GRAPHIC REPRESENTATION | |
| Title | ممتاز مفتی |
| Linkage | 100-01\(3\r |
| 880 ## - ALTERNATE GRAPHIC REPRESENTATION | |
| Title | لاہور: |
| Linkage | 260-03\(3\r |
| b | الفیصل ناشران و تاجران، |
| c | 2008 |
| 942 ## - ADDED ENTRY ELEMENTS (KOHA) | |
| Source of classification or shelving scheme | |
| Koha item type | Book |
| Withdrawn status | Lost status | Source of classification or shelving scheme | Damaged status | Not for loan | Permanent Location | Current Location | Shelving location | Date acquired | Total Checkouts | Full call number | Barcode | Date last seen | Date last checked out | Copy number | Price effective from | Koha item type | Source of acquisition |
|---|---|---|---|---|---|---|---|---|---|---|---|---|---|---|---|---|---|
| Central Library (CL) | Central Library (CL) | Fiction | 05/24/2017 | 6 | 891.4393 MUF | CL1872 | 06/11/2024 | 05/08/2023 | 1 | 05/24/2017 | Book | ||||||
| Central Library (CL) | Central Library (CL) | Fiction | 02/13/2025 | 891.4393 MUF | CL-D-2750 | 04/11/2025 | 02/13/2025 | Book | Donation | ||||||||
| Central Library (CL) | Central Library (CL) | 07/11/2025 | 891.4393 MUF | CL-D-2812 | 07/11/2025 | 07/11/2025 | Book |
